000 00606nam a2200193Ia 4500
005 20250508163459.0
008 008 250505s9999 xx 000 0 eng d
037 _aTextual
040 _aFEDL
_beng
_cFEDL
041 _aeng
_2eng
084 _a370.954, IND
_qFEDL
245 0 _aEducation in India 1988-89. Vol 1
245 0 _cIndia,. Ministry of Human Resoruce Development, Education Department of
260 _aNew Delhi, India
_bMinistry of Human Resource Development
300 _axii,169p.
650 _aEducation
942 _cTEXL
_h370.954, IND
999 _c1383573
_d1383573